Statistics for TfL Lines-match the end points

Click here to take the quiz!

General Stats

  • This quiz has been taken 10 times
    (9 since last reset)
  • The average score is 17 of 35

Answer Stats

HintAnswer% Correct
hammersmith via west hambarking
86%
lewisham via limehousebank
71%
high barnet, edgware or mill hill east via charing crossbattersea power station
57%
dalston junctionclapham junction via surrey quays
57%
heathrow and uxbridgecockfosters
57%
hammersmith via victoriaedgware road
57%
liverpool street via bush hill parkenfield town
57%
watford junctioneuston
57%
Barking RiversideGospel Oak
57%
elephant & castleharrow & wealdstone
57%
west croydon,new cross and crystal palacehighbury and islington
57%
high barnet, edgware or mill hill east via bankmorden
57%
west croydon loopnew addington
57%
Stratford via willesden junctionRichmond and clapham junction
57%
upminster via emerson parkromford
57%
stanmorestratford via waterloo
57%
ealing broadway, richmond and wimbledonupminster
57%
brixtonwalthamstow central
57%
bank via w&c linewaterloo
57%
bank and stratford internationalwoolwich arsenal
57%
aldgate via chorleywoodchesham and amersham
43%
liverpool street via turkey streetcheshunt
43%
liverpool street via walthamstow centralchingford
43%
abbey woodreading maidenhead and heathrow
43%
greenwich peninsularoyal docks
43%
paddington via forest gateshenfield
43%
becktontower gateway
43%
aldgate via ruislipuxbridge
43%
edgware road via earls courtwimbledon via notting hill gate
43%
hainaultealing broadway
29%
edgware road ,dagenham east and high street kensingtonkensington (olympia)
29%
canary wharf and lewishamstratford via poplar
29%
aldgate and baker street via croxleywatford
29%
eppingwest ruislip
29%
elmers end and beckenham junctionwimbledon via mitcham
14%

Score Distribution

Percentile by Number Answered

Percent of People with Each Score

Your Score History

You have not taken this quiz since the last reset